000 00491nam a2200181Ia 4500
001 24373
005 20260414151038.0
008 260414t2022||||xx |||||||||||||| ||spa||
041 _aESP
082 _a345.7
_bC22
100 _aCalderón Puertas, Carlos
_eAUT
245 0 _aLos plenos casatorios civiles y los precedentes vinculantes :
_bexposición y comentarios
260 _c2022
300 _a557 páginas :
_c25 cm.
650 _aDER
654 _aCDE
942 _cLIB
_dJUS
_fJUS
_2ddc
_n
999 _c24373
_d24373